О теоретических основах современных физических и физико-химических методов анализа; Заводская лаборатория; Т. 46, № 12

Detalles Bibliográficos
Parent link:Заводская лаборатория/ Ассоциация аналитических центров "Аналитика" ; МНПО "Спектр".— , 1932-1994.— 0321-4265
Т. 46, № 12.— 1980.— С. 1091-1094
Autor Principal: Стромберг А. Г. Армин Генрихович
Idioma:ruso
Publicado: 1980
Subjects:
Formato: MixedMaterials Capítulo de libro
KOHA link:https://koha.lib.tpu.ru/cgi-bin/koha/opac-detail.pl?biblionumber=442598

MARC

LEADER 00000naa2a2200000 4500
001 442598
005 20240221124851.0
035 |a (RuTPU)RU\TPU\prd\104217 
035 |a RU\TPU\tpu\15289 
090 |a 442598 
100 |a 20110329a1980 k y0rusy50 ca 
101 0 |a rus 
102 |a RU 
200 1 |a О теоретических основах современных физических и физико-химических методов анализа  |f А. Г. Стромберг 
461 0 |0 (RuTPU)RU\TPU\prd\169  |x 0321-4265  |t Заводская лаборатория  |f Ассоциация аналитических центров "Аналитика" ; МНПО "Спектр"  |d 1932-1994 
463 0 |0 (RuTPU)RU\TPU\prd\104214  |t Т. 46, № 12  |v С. 1091-1094  |d 1980 
610 1 |a труды учёных ТПУ 
700 1 |a Стромберг  |b А. Г.  |c химик, специалист в области классической полярографии и инверсионной вольтамперометрии  |c профессор Томского политехнического института  |f 1910-2004  |g Армин Генрихович  |3 (RuTPU)RU\TPU\pers\11188  |9 2478 
801 1 |a RU  |b 63413507  |c 20081117  |g PSBO 
801 2 |a RU  |b 63413507  |c 20111107  |g RCR 
942 |c BK